000 01585cam a22004574i 4500
003 PE-LiUPU
005 20250731172738.0
008 150617s r 000 0 d
035 _a(Sirsi) a11869
040 _aPE-LiUPU
_bspa
_cPE-LiUPU
_erda
049 _aPRUA
082 0 4 _a226.3
_bG59
_221
100 1 _aGnilkav, Joachim,
_eautor.
245 1 3 _aEl evangelio según san Marcos: Mc 8, 27-26, 20 /
_cJoachim Gnilkav.
264 1 _aSalamanca :
_bEdiciones Sígueme,
_c1986.
300 _a425 páginas ;
_c22 cm.
336 _atext
_2rdacontent
337 _aunmediated
_2rdamedia
338 _avolume
_2rdacarrier
490 0 _aBiblioteca de estudios bíblicos ;
_v56
505 0 _aInvitación al seguimiento de la cruz -- La actuación de Jesús en Jerusalén -- Pasión y muerte de Jesús. La tumba vacía.
526 _aSEG42
526 _aSEG41
526 _aSEG40
526 _aSEG39
526 _aP94
526 _aP87
526 _aP86
526 _aP85
526 _aP77
526 _aP76
526 _aP35
630 _aBiblia
_pN.T.
_pMarcos
_xComentarios.
910 _ajck
_bjvq
_cjck
_d20150616
942 _2ddc
_cBOOK
949 _a226.3 G59
_wDEWEY
_c1
_i28115
_lCCODEBUL1
_mBUL
_p00.00
_r0
_sY
_tBOOK
_u2015-04-21
_xTEOLOGIA
_PP35
_0COMPRA
_o.STAFF. Colección general
994 _aC0
_bPEPRU
596 _a1
999 _a226.3 G59
_wDEWEY
_c2063
_i28115
_d2063
_f2021-11-9
_g5
_lCCODEBUL1
_mBUL
_q1
_r0
_sY
_tBOOK
_u2015-4-21
_xTEOLOGIA
_PP35
_0COMPRA
_o.STAFF. Colección general
980 _81
_gALBERTO SANCHEZ Responsable de Automatización